000 00557 a2200277 4500
245 _aGuide de médecine en Afrique et Océan Indien
100 _aMazer, A.
700 _aSankolé, M.
260 _c1988
300 _a639 p.
035 _a6814
035 _a7415
035 _a6644
035 _a7413
035 _a7412
035 _a7417
035 _a7416
035 _a7419
035 _a7414
035 _a7483
035 _a7246
035 _a7418
999 _c17529
_d17529